Normal view
MARC view
- Schetsche, Christian
Entry Nombre Personal
001 - NUMERO DE CONTROL
- campo de control: 49770
003 - IDENTIFICADOR DE NUMERO DE CONTROL
- campo de control: UPN
005 - FECHA Y HORA DE LA ÜLTIMA TRANSACCIÓN
- campo de control: 20230818122511.0
008 - DATOS DE LONGITUD FIJA
- campo de control de longitud fija: 230818|| acz||aabn | a|a d
024 ## - OTROS IDENTIFICADORES NORMALIZADOS
- Fuente: orcid
- Número normalizado o código: https://orcid.org/0000-0002-6353-3571
040 ## - FUENTE DE CATALOGACIÓN
- Agencia original de catalogación: MX-MxUPN
100 1# - ENCABEZAMIENTO - NOMBRE PERSONAL
- Nombre personal: Schetsche, Christian
370 ## - LUGAR ASOCIADO
- Place of birth: Argentina
371 ## - DIRECCIÓN
- Electronic mail address: christian.schetsche@gmail.com
372 ## - CAMPO DE ACTIVIDAD
- Field of activity: Psicología
- Field of activity: Docencia
373 ## - GRUPO ASOCIADO
- Associated group: Universidad de Buenos Aires. Instituto de Investigaciones, Facultad de Psicología
374 ## - OCUPACIÓN
- Occupation: Psicólogo
- Occupation: Profesor universitario
670 ## - FUENTE EN LA QUE SE LOCALIZARON DATOS
- Cita de la fuente: En recurso en línea CES Psicología Vol. 16, no. 1 (2023):
- Información localizada: página 88 (Christian Schetsche)
- Uniform Resource Identifier: https://revistas.ces.edu.co/index.php/psicologia/article/view/6281/3754
902 ## - CATALOGADOR
- Catalogador: RGJD/180823
